| 000 | 00776nam a2200253 i 4500 | ||
|---|---|---|---|
| 001 | 000046641 | ||
| 003 | DO-SdBNP | ||
| 005 | 20250501110308.0 | ||
| 008 | 250501s2013 dr 000 0 spa d | ||
| 040 |
_aDO-SdBNP _bspa _cBNPHU _erda |
||
| 041 | _hspa | ||
| 082 |
_axxx _bR426L _222 |
||
| 110 | 1 |
_aRepública Dominicana _9447 |
|
| 240 | 1 | 0 | _a[Leyes, etc.] |
| 245 | 1 | 0 |
_aLey No. 248-12 : _bley de protección animal y tenencia responsable, G.O. No. 10692 del 15 de agosto de 2012 |
| 264 |
_aSanto Domingo _bEditora no identificada, _c2013 |
||
| 300 |
_a25 páginas. ; _c21 cm. |
||
| 336 |
_ardacontent _btexto _2txt |
||
| 337 |
_ardamedia _bsin mediación _2n |
||
| 338 |
_ardacarrier _bvolumen _2nc |
||
| 590 | _aInventariado, 2025/DG | ||
| 910 | _aDG | ||
| 942 |
_2ddc _cLF2 |
||
| 999 |
_c58892 _d58892 |
||